[Event "2nd Sampa STD Open 2025"]
[Site "Sao Paulo"]
[Date "2025.02.01"]
[Round "4"]
[White "Desideri, Ricardo Maruchi"]
[Black "Aranha Filho, Alvaro Z."]
[Result "1-0"]
[Annotator "TA"]
[WhiteElo "1977"]
[BlackElo "2178"]
[PlyCount "70"]
[EventDate "2025.02.01"]
[EventType "swiss"]
[EventCountry "BRA"]
[SourceTitle "playchess.com"]
[Source "ChessBase"]
[SourceQuality "1"]

{[%evp 9,69,27,81,82,96,99,104,102,125,132,134,62,44,12,123,-23,143,141,130,123,127,142,120,112,126,117,188,156,268,147,160,54,175,-22,-18,-20,-10,-129,-75,-102,-109,-93,-106,-107,416,52,396,0,479,477,430,0,766,723,1133,1119,29975,29978,5285,5277,29983,-29999]} 1. Nf3 d5 2. c4 d4 3. b4 f6 4. e3 dxe3 5. fxe3 Bg4 (5... e5 $11) 6. Be2 {A09: Réti Opening: 1 Nf3 d5 2 c4.} Nh6 7. d4 e5 8. O-O {White is better.} (8. dxe5 $6 Qxd1+ (8... Bxb4+ 9. Bd2 $11) 9. Kxd1 Bxb4 $11) 8... Nd7 9. c5 Be7 10. d5 $146 (10. Nc3 $16) (10. Bb2 O-O 11. Nbd2 exd4 12. exd4 c6 13. Bd3 f5 14. Qb3+ Kh8 15. Nc4 Nf6 16. Rae1 {1-0 Reinfeld,F-Leary,J Ventnor City 1939 (5)}) 10... f5 $14 11. e4 f4 (11... a5 $11 {keeps the balance.}) 12. Qb3 (12. Bb2 $16) 12... Bf6 $2 (12... a5 $11) 13. Nc3 $36 {[%mdl 2048] Keeping Black busy.} Nf7 {[#]} 14. Ng5 $1 {[%mdl 512]} Bxg5 15. Bxg4 O-O {Black is weak on the light squares} 16. Be6 Kh8 17. Bb2 {[%cal Od5d6]} Nh6 (17... a5 $16 {was worth a try.}) 18. Rad1 f3 (18... Nf6 $16 19. Nb5 a6) 19. Nb5 (19. Rxf3 $6 Rxf3 20. gxf3 Be3+ 21. Kh1 Qh4 $18) (19. gxf3 $18 {Hoping for c6.} a5 20. a3) 19... fxg2 20. Kxg2 ({White should play} 20. Rxf8+ $16 Nxf8 21. Bxe5 Nxe6 22. dxe6 Be3+ 23. Kxg2 Qg5+ 24. Bg3) 20... a6 {[#]} (20... Rxf1 $14 21. Rxf1 a6) 21. c6 $2 (21. d6 $1 $18 {[%cal Rd6c7]} cxd6 22. Nxd6) 21... Rxf1 (21... bxc6 {keeps more tension.} 22. Na7 Bf4 23. Kh1 cxd5 24. Nc6 Qh4) 22. Rxf1 bxc6 23. dxc6 (23. Na7 $11 Rxa7 24. Bxd7) 23... Nf8 (23... Nf6 $142 24. Nc3 Qd2+ 25. Rf2 Qd6) 24. Rxf8+ $17 Qxf8 25. Nxc7 Rd8 26. Nd5 {[#]} (26. Nxa6 $2 Rd2+ 27. Kh3 Qf1+ 28. Kg3 Qg2#) 26... Re8 $2 {[%mdl 8192]} (26... Rd6 $1 $17 {[%cal Rd6c6] and life is bright.} 27. Qf3 (27. Bd7 $2 Rg6 $19) 27... Qxf3+ 28. Kxf3 Rxc6 (28... Rxe6 29. c7 $11)) 27. Bh3 $2 {This pair of bishops is nice.} (27. Bd7 $18) 27... Bh4 $2 {[%mdl 8192]} (27... Qd6 $1 $14 28. Qc2 Bd8) 28. Qe3 $2 {Active counter play!} (28. Qf3 $18 Qd6 29. c7) 28... Nf7 $2 {[%mdl 8192]} (28... Qd6 $11 29. Bd7 (29. c7 Qg6+ 30. Kf3 Qh5+ 31. Kg2 Qg6+ 32. Kf3 Qh5+ 33. Kg2 Qg6+ $11) 29... Qg6+ 30. Kh3 Qh5) 29. c7 $18 Nd6 30. Qc5 $2 (30. Bd7 $18) 30... h6 $2 {[%mdl 8192] [#]} (30... Qf7 $11 31. Bf5 (31. Qxd6 {is a self mate.} Qf2+ 32. Kh1 Qf3+ 33. Kg1 Bf2+ 34. Kf1 Bg3+ 35. Kg1 Qf2+ 36. Kh1 Qxh2#) (31. c8=B $2 Nxe4 32. Qc4 Nd2 $19) (31. c8=Q Rxc8 32. Bxc8 Nxe4 $17) 31... Qh5 32. Qxd6 Qe2+ 33. Kh3 Be1 34. Bxe5 (34. c8=R $2 Qf3#) 34... Qh5+ 35. Kg2 Qe2+ 36. Kh3) 31. Bxe5 $1 {[%mdl 512]} Rxe5 (31... Nc8 32. Qxf8+) 32. c8=Q (32. c8=B $2 {too greedy.} Rg5+ (32... Rxe4 $2 33. Bcg4 $19) 33. Bhg4 h5 $19 (33... Qxc8 $2 34. Qxc8+ Nxc8 35. Kh3 $19)) 32... Rg5+ 33. Kh1 Qxc8 34. Bxc8 Nxe4 35. Qc6 $4 {[%mdl 8192]} (35. Qf8+ Kh7 36. Bf5+ Rxf5 37. Qxf5+ Kh8 38. Qxe4 Bg5 39. Qe8+ Kh7 40. h4 (40. Qe4+ Kh8 $18)) 35... Nf2# {[%mdl 32768] Weighted Error Value: White=1.28/Black=1.52 Loss on time!?  Loses game:     	---       	Black=4      Missed win:     	White=4     	---        Mistake:       	White=5     	Black=6      Inaccurate:     	White=1     	Black=1      OK:         	White=7     	Black=10     Best:        	White=3     	---} 1-0

[Event "2nd Sampa STD Open 2025"]
[Site "Sao Paulo"]
[Date "2025.02.01"]
[Round "4"]
[White "Bucci, Andrea Vidigal"]
[Black "Kayser, Gustavo Warmling"]
[Result "0-1"]
[Annotator "NA RC"]
[WhiteElo "1785"]
[BlackElo "2036"]
[PlyCount "68"]
[EventDate "2025.02.01"]
[EventType "swiss"]
[EventCountry "BRA"]
[SourceTitle "playchess.com"]
[Source "ChessBase"]
[SourceQuality "1"]
[TimeControl "5400+30"]

1. e4 c5 2. Nf3 Nc6 3. d4 cxd4 4. Nxd4 Nf6 5. Nc3 e5 6. Ndb5 d6 7. Bg5 a6 8. Na3 b5 9. Nd5 Be7 10. Bxf6 Bxf6 11. c3 O-O 12. Nc2 Bg5 13. a4 bxa4 14. Rxa4 a5 15. Bc4 Rb8 16. b3 Kh8 17. Nce3 g6 18. h4 Bxh4 19. g3 Bg5 20. f4 exf4 21. gxf4 Bh4+ 22. Kd2 Bf6 23. Nxf6 Qxf6 24. Nd5 Qg7 25. Qg1 Be6 26. Qg5 f5 27. Rh6 fxe4 28. Ne7 Nxe7 29. Bxe6 d5 30. Ra1 Nf5 31. Rh3 Rxb3 32. Rah1 e3+ 33. Ke2 Rb2+ 34. Kf3 Rf2+ 0-1

[Event "2nd Sampa STD Open 2025"]
[Site "Sao Paulo"]
[Date "2025.02.01"]
[Round "4"]
[White "Ricci, Lucas Estremes"]
[Black "Guimaraes, Diogo Duarte"]
[Result "0-1"]
[Annotator "TA"]
[WhiteElo "1772"]
[BlackElo "2299"]
[PlyCount "78"]
[EventDate "2025.02.01"]
[EventType "swiss"]
[EventCountry "BRA"]
[SourceTitle "playchess.com"]
[Source "ChessBase"]
[SourceQuality "1"]

{[%evp 22,78,-28,-39,-29,-39,-40,-64,-40,-84,-75,-73,-73,-135,-123,-146,-150,-144,-161,-142,-145,-190,-212,-210,-210,-269,-272,-252,-266,-364,-273,-287,-21,-655,-637,-649,-640,-776,-775,-826,-820,-831,-812,-775,-791,-789,-764,-1088,-1084,-977,-964,-1212,-1184,-1582,-1525,-29977,-29978,-29984,-29984]} 1. d4 Nf6 2. c4 g6 3. g3 Bg7 4. Bg2 c5 5. d5 O-O {[%cal Bh8f8,Bf8e8,Be8e4,Be4b4,Bb4b2][%mdl 32]} 6. Nc3 d6 7. Nf3 e6 8. O-O exd5 9. cxd5 Re8 10. Bf4 Na6 11. h3 Nc7 12. a4 Bf5 {A62: Modern Benoni: Fianchetto Variation without early ...Nbd7.} 13. g4 $146 (13. Nd2 Nh5 14. e4 Nxf4 15. gxf4 Bc8 16. Nc4 a6 17. Re1 b5 18. axb5 Bxc3 19. bxc3 axb5 20. Nb6 Rxa1 21. Qxa1 {½-½ Oren,I (2275)-Saxena,A (2232) Afroasian-ch12 sf-B email 2010}) 13... Be4 {[%cal Rf6d5]} 14. Nxe4 Rxe4 {Black is slightly better.} 15. e3 Rb4 (15... Ncxd5 16. Bh2 $16) 16. Ne1 Rxb2 {Black plays on the queen side and is better} 17. e4 {[#]} ({Better is} 17. Rc1) 17... Rb4 $1 $17 {Black is more active.} 18. Nc2 {[#]} Nfxd5 {[%mdl 512]} 19. Bd2 Nc3 20. Bxc3 Bxc3 21. Nxb4 Bxa1 ({Resist} 21... cxb4 22. Rc1 $17) (21... Bxb4 22. f4 $11) 22. Qxa1 cxb4 23. Rd1 a5 24. e5 d5 25. Qd4 Qd7 26. Bxd5 Qxa4 $2 (26... Ne6 $19 27. Bxe6 Qxd4 (27... Qxe6 $2 28. Qd5 $19) 28. Rxd4 fxe6) 27. Bxf7+ $2 {[%mdl 8192] This costs White the game.} Kxf7 $19 28. Qf4+ Kg8 29. Rd6 {Qc4+ would now be deadly.} Qa1+ 30. Kg2 Qc3 31. Qg5 Qc4 ({Weaker is} 31... Rf8 32. Rxg6+ Kh8 (32... hxg6 33. Qxg6+ Kh8 34. Qh6+ Kg8 35. Qg6+ Kh8 36. Qh6+ Kg8 37. Qg6+ $11) 33. Rg8+ Rxg8 34. Qf6+ Rg7 35. Qf8+ Rg8 36. Qf6+ Rg7 37. Qf8+ Rg8 38. Qf6+ $11) 32. Rd8+ Rxd8 33. Qxd8+ Kf7 34. Qf6+ Ke8 {Hoping for ...Qc6+.} 35. Qh8+ Ke7 36. Qg7+ Qf7 37. Qh8 b3 {( -> ...Ne8)} 38. Qb8 Qd5+ 39. f3 Ne6 {Weighted Error Value: White=0.72/Black=0.30  Loses game:     	White=1     	---        Missed win:     	---       	Black=1      Mistake:       	White=1     	---        Inaccurate:     	White=3     	---        OK:         	White=5     	Black=8      Best:        	---       	Black=1      Strong:       	---       	Black=1} 0-1

[Event "2nd Sampa STD Open 2025"]
[Site "Sao Paulo"]
[Date "2025.02.01"]
[Round "4"]
[White "Soares, Pedro Henrique Olive"]
[Black "Carvalho Jr, Celestino"]
[Result "0-1"]
[Annotator "NA RC"]
[WhiteElo "1696"]
[BlackElo "1930"]
[PlyCount "64"]
[EventDate "2025.02.01"]
[EventType "swiss"]
[EventCountry "BRA"]
[SourceTitle "playchess.com"]
[Source "ChessBase"]
[SourceQuality "1"]
[TimeControl "5400+30"]

1. c4 e5 2. Nc3 Nc6 3. g3 Nf6 4. Nf3 Bc5 5. Nxe5 Bxf2+ 6. Kxf2 Nxe5 7. d3 Nfg4+ 8. Kg1 c6 9. h3 Nf6 10. Bg2 O-O 11. Kh2 d6 12. b3 d5 13. cxd5 cxd5 14. Bb2 Re8 15. Rf1 a6 16. Rc1 Qd6 17. Rxf6 Qxf6 18. Nxd5 Qh6 19. Bxe5 Rxe5 20. d4 Rxd5 21. Rxc8+ Rxc8 22. Bxd5 Qe3 23. Qd3 Qf2+ 24. Bg2 Rc1 25. h4 Rg1 26. Qe4 h5 27. Qxb7 Qxd4 28. Qa8+ Kh7 29. Be4+ f5 30. Bd3 Qd8 31. Bc2 Qc7 32. Qxa6 Qxg3# 0-1